000 00373cam a2200145ua 4500
041 _aeng
_h
082 _a628.09
_bWIL/FO
100 _aWilson, Dover J .
245 _aFortunes of Falstaft /
_cDover J Wilson.
_hTextual Documents
260 _aCambridge :
_bCambridge University Press ,
_c1964.
300 _a143 ; .
504 _a
942 _cBK
999 _c10441
_d10441